000 00536nmm a2200169Ia 4500
008 251105s9999||||xx |||||||||||||||||und||
020 _a8479085797
041 _aspa
100 _aPérez Herranz, F. M.
245 0 _aEl Astuto atractor humano :
_b Introducción a la ética de R. Thom
264 _a[Madrid, España] :
_bPublicaciones de la Universidad de Alicante,
_c2000
300 _a144 páginas
490 _aFilosofía
650 _aPhilosophy, Ethics
856 _uhttps://public.digitaliapublishing.com/a/564
942 _cCF
999 _c73551
_d73551